[Event "1.FrauenBL 2016-17"]
[Site "Berlin"]
[Date "2017.04.29"]
[Round "11.4"]
[White "Le, Hoang Tran Chau"]
[Black "Manusina, Nicole"]
[Result "0-1"]
[WhiteElo "2151"]
[BlackElo "1908"]
[Annotator "NA"]
[PlyCount "67"]
[EventDate "2017.??.??"]
[EventType "team-tourn"]
[EventCountry "GER"]
[SourceTitle "playchess.com"]
[Source "ChessBase"]
[SourceQuality "1"]
[WhiteTeam "TuRa Harksheide"]
[BlackTeam "SK Lehrte"]
[TimeControl "40/6000+30:3000+30"]

1. e4 {[%emt 1:30:28]} c6 {[%emt 1:30:28]} 2. d4 {[%emt 1:30:24]} d5 {[%emt 1:30:50]} 3. exd5 {[%emt 1:31:21]} cxd5 {[%emt 1:31:11]} 4. c4 {[%emt 1:31:47]} Nf6 {[%emt 1:31:12]} 5. Nc3 {[%emt 1:30:33]} Nc6 {[%emt 1:30:55]} 6. Bg5 {[%emt 1:30:39]} e6 {[%emt 1:23:30]} 7. Nf3 {[%emt 1:27:19]} dxc4 {[%emt 1:24:00]} 8. Bxc4 {[%emt 1:27:19]} Be7 {[%emt 1:22:25]} 9. O-O {[%emt 1:27:20]} O-O {[%emt 1:22:45]} 10. a3 {[%emt 1:26:44]} a6 {[%emt 1:14:32]} 11. Qd3 {[%emt 1:14:42]} Nd5 {[%emt 1:08:22] E57: Nimzo-Indian: Rubinstein: Main Line: 7...Nc6 8 a3 dxc4 9 Bxc4 cxd4} (11... b5 12. Ba2 b4 13. Bb1 g6 14. axb4 Nxb4 15. Qd2 Bb7 16. Ne5 Nd7 17. Bxe7 Qxe7 18. Be4 Nf6 19. Qg5 Bxe4 20. Nxe4 Nbd5 21. Nc6 Qb7 22. Nxf6+ Nxf6 23. Na5 Qe7 24. Nc6 Qb7 25. Na5 Qe7 26. Nc6 Qb7 {½-½ (26) Vescovi,G (2604)-Lima,D (2509) Fortaleza 2012}) 12. Bd2 $146 {[%emt 0:53:54]} (12. Bxe7 Ncxe7 13. Rae1 Nxc3 14. bxc3 b5 15. Ba2 Ng6 16. Qe4 Ra7 17. Qg4 e5 18. Qg3 exd4 19. Nxd4 Qf6 20. f4 Re7 21. f5 Rxe1 22. Qxe1 Ne7 23. Qe4 Bd7 24. Qb7 Qd6 25. Qf3 Qf6 26. Qb7 {½-½ (26) Bronstein,D-Flohr,S Moscow 1953}) 12... Nxc3 {[%emt 1:06:34]} 13. Bxc3 {[%emt 0:52:50]} Bf6 {[%emt 1:05:59]} 14. Qe4 {[%emt 0:49:41]} Bd7 {[%emt 0:53:00]} 15. Ne5 {[%emt 0:38:51]} Nxe5 {[%emt 0:49:55]} 16. dxe5 {[%emt 0:39:19]} Bc6 {[%emt 0:48:28]} 17. Qg4 {[%emt 0:39:09]} Be7 {[%emt 0:48:31]} 18. Rad1 {[%emt 0:39:03]} Qc7 {[%emt 0:47:25]} 19. Rd3 {[%emt 0:47:25]} Rfd8 {[%emt 0:44:17]} 20. Rh3 {[%emt 0:33:13]} Bf8 {[%emt 0:33:13]} 21. Qh5 {[%emt 0:20:08]} Be4 {[%emt 0:32:26]} 22. Qe2 {[%emt 0:32:26]} Bf5 {[%emt 0:29:23]} 23. g4 {[%emt 0:05:10]} Bg6 {[%emt 0:29:04]} 24. Rg3 {[%emt 0:05:11]} Be7 {[%emt 0:25:34]} 25. g5 {[%emt 0:01:57]} b5 {[%emt 0:22:37]} 26. Bb3 {[%emt 0:02:26]} Qb7 {[%emt 0:20:36]} 27. h4 {[%emt 0:02:26]} b4 {[%emt 0:02:26]} 28. axb4 {[%emt 0:02:55]} Bxb4 {[%emt 0:16:02]} 29. Bxb4 $17 {[%emt 0:00:44]} Qxb4 {[%emt 0:16:21]} 30. h5 {[%emt 0:01:11]} Rd2 {[%emt 0:08:16]} 31. Qe1 {[%emt 0:01:40]} Bxh5 {[%emt 0:07:31]} 32. Qc1 {[%emt 0:00:09]} Rad8 {[%emt 0:06:54]} 33. Qc7 {[%emt 0:00:03]} Qd4 {[%emt 0:06:08]} 34. Qa7 {[%emt 0:00:01]} 0-1

[Event "1.FrauenBL 2016-17"]
[Site "Berlin"]
[Date "2017.04.29"]
[Round "11.5"]
[White "Lubbe, Melanie"]
[Black "Heinatz, Gundula"]
[Result "1/2-1/2"]
[WhiteElo "2298"]
[BlackElo "2173"]
[Annotator "ChessBase"]
[PlyCount "121"]
[EventDate "2017.??.??"]
[EventType "team-tourn"]
[EventCountry "GER"]
[SourceTitle "playchess.com"]
[Source "ChessBase"]
[SourceQuality "1"]
[WhiteTeam "Rodewischer SM"]
[BlackTeam "Karlsruher SF"]
[TimeControl "40/6000+30:3000+30"]

1. e4 {[%emt 1:30:27]} c5 {[%emt 1:30:14]} 2. Nf3 {[%emt 1:30:51]} Nc6 {[%emt 1:30:09]} 3. d4 {[%emt 1:31:13]} cxd4 {[%emt 1:31:40]} 4. Nxd4 {[%emt 1:31:40]} g6 {[%emt 1:30:35]} 5. Be2 {[%emt 1:31:48]} Bg7 {[%emt 1:30:58]} 6. Nb3 {[%emt 1:32:12]} Nf6 {[%emt 1:30:54]} 7. Nc3 {[%emt 1:32:36]} O-O {[%emt 1:31:04]} 8. O-O {[%emt 1:33:01]} d6 {[%emt 1:29:53]} 9. Bg5 {[%emt 1:29:53]} Be6 {[%emt 1:29:48]} 10. Kh1 {[%emt 1:33:29]} Na5 {[%emt 1:28:32]} 11. Nd5 {[%emt 1:30:12]} Bxd5 {[%emt 1:23:45]} 12. exd5 {[%emt 1:23:45]} Nxb3 {[%emt 1:24:07]} 13. axb3 {[%emt 1:30:51]} Ne4 {[%emt 1:24:19]} 14. Bc1 {[%emt 1:30:47]} a5 {[%emt 1:18:17]} 15. Qd3 {[%emt 1:26:43]} Nc5 {[%emt 1:13:24]} 16. Qb5 {[%emt 1:13:24]} Qc7 {[%emt 1:07:12]} 17. Ra2 {[%emt 1:07:12]} Rfc8 {[%emt 1:06:18]} 18. Be3 {[%emt 1:01:35]} Qd8 {[%emt 0:56:21]} 19. Rfa1 {[%emt 0:56:21]} b6 {[%emt 0:54:49]} 20. h3 {[%emt 0:47:30]} Be5 {[%emt 0:48:06]} 21. Bd1 {[%emt 0:40:46]} f5 {[%emt 0:42:26]} 22. c3 {[%emt 0:31:01]} f4 {[%emt 0:40:56]} 23. Bxc5 {[%emt 0:40:56]} Rxc5 {[%emt 0:38:52]} 24. Qd3 {[%emt 0:38:52]} Rb8 {[%emt 0:28:41]} 25. Bg4 {[%emt 0:28:10]} Kg7 {[%emt 0:35:48]} 26. Be6 {[%emt 0:35:48]} Qf8 {[%emt 0:30:33]} 27. Rd1 {[%emt 0:20:05]} f3 {[%emt 0:20:05]} 28. g3 {[%emt 0:20:06]} Qf6 {[%emt 0:25:38]} 29. Ra4 {[%emt 0:25:38]} Rf8 {[%emt 0:24:39]} 30. Re4 {[%emt 0:15:21]} b5 {[%emt 0:23:53]} 31. b4 {[%emt 0:10:25]} axb4 {[%emt 0:21:53]} 32. Rxb4 {[%emt 0:10:52]} h5 {[%emt 0:21:47]} 33. Re1 {[%emt 0:06:52]} Ra8 {[%emt 0:10:10]} 34. Kh2 {[%emt 0:02:53]} h4 {[%emt 0:10:26]} 35. Bg4 {[%emt 0:01:25]} hxg3+ {[%emt 0:01:54]} 36. fxg3 {[%emt 0:01:54]} f2 {[%emt 0:07:46]} 37. Rf1 {[%emt 0:02:23]} Rf8 {[%emt 0:07:01]} 38. Kg2 {[%emt 0:01:23]} Qg5 {[%emt 0:02:25]} 39. Be6 {[%emt 0:00:42]} Rc4 {[%emt 0:01:56]} 40. h4 {[%emt 0:00:07]} Qh6 {[%emt 0:00:14]} 41. Rxc4 {[%emt 0:16:22]} bxc4 {[%emt 0:30:31]} 42. Qe2 {[%emt 0:15:03]} Rf6 {[%emt 0:22:33]} 43. Rxf2 {[%emt 0:13:29]} Qc1 {[%emt 0:22:54]} 44. Rxf6 {[%emt 0:11:16]} Bxf6 {[%emt 0:23:15]} 45. Bd7 {[%emt 0:23:15]} Qb1 {[%emt 0:20:08]} 46. Bb5 {[%emt 0:08:58]} Bxc3 {[%emt 0:19:18]} 47. Qxe7+ {[%emt 0:08:54]} Kg8 {[%emt 0:19:16]} 48. Qe8+ {[%emt 0:06:23]} Kg7 {[%emt 0:19:39]} 49. bxc3 {[%emt 0:06:20]} Qc2+ {[%emt 0:20:01]} 50. Kf3 {[%emt 0:05:46]} Qd3+ {[%emt 0:18:43]} 51. Kf2 {[%emt 0:05:01]} Qf5+ {[%emt 0:18:58]} 52. Kg2 {[%emt 0:02:33]} Qc2+ {[%emt 0:17:57]} 53. Kf3 {[%emt 0:03:00]} Qf5+ {[%emt 0:17:44]} 54. Ke2 {[%emt 0:02:32]} Qd3+ {[%emt 0:17:54]} 55. Ke1 {[%emt 0:01:44]} Qb1+ {[%emt 0:16:01]} 56. Kf2 {[%emt 0:01:09]} Qf5+ {[%emt 0:16:19]} 57. Kg2 {[%emt 0:00:55]} Qc2+ {[%emt 0:00:55]} 58. Kg1 {[%emt 0:01:02]} Qb1+ {[%emt 0:01:02]} 59. Kh2 {[%emt 0:01:11]} Qc2+ {[%emt 0:01:11]} 60. Kh3 {[%emt 0:01:36]} Qf5+ {[%emt 0:17:08]} 61. Kg2 {[%emt 0:01:51]} 1/2-1/2

[Event "1.FrauenBL 2016-17"]
[Site "Berlin"]
[Date "2017.04.29"]
[Round "11.5"]
[White "Schoene, Maria"]
[Black "Kachiani-Gersinska, Ketino"]
[Result "1/2-1/2"]
[WhiteElo "2269"]
[BlackElo "2366"]
[Annotator "NA"]
[PlyCount "56"]
[EventDate "2017.??.??"]
[EventType "team-tourn"]
[EventCountry "GER"]
[SourceTitle "playchess.com"]
[Source "ChessBase"]
[SourceQuality "1"]
[WhiteTeam "SC Bad Königshofen"]
[BlackTeam "OSG Baden-Baden"]
[TimeControl "40/6000+30:3000+30"]

1. e4 {[%emt 1:30:27]} e5 {[%emt 1:29:46]} 2. Nf3 {[%emt 1:30:50]} Nc6 {[%emt 1:30:50]} 3. Bb5 {[%emt 1:31:11]} a6 {[%emt 1:30:32]} 4. Ba4 {[%emt 1:31:32]} Nf6 {[%emt 1:30:51]} 5. O-O {[%emt 1:31:35]} Be7 {[%emt 1:31:06]} 6. Re1 {[%emt 1:31:06]} b5 {[%emt 1:30:13]} 7. Bb3 {[%emt 1:31:58]} d6 {[%emt 1:28:13]} 8. c3 {[%emt 1:31:12]} O-O {[%emt 1:31:12]} 9. h3 {[%emt 1:30:35]} Re8 {[%emt 1:24:57]} 10. d4 {[%emt 1:19:53]} Bf8 {[%emt 1:24:24]} 11. Nbd2 {[%emt 1:13:50]} Bb7 {[%emt 1:24:38]} 12. a3 {[%emt 1:12:21]} h6 {[%emt 1:13:08]} 13. Bc2 {[%emt 1:13:08]} Nb8 {[%emt 0:59:34] [#] C93: Closed Ruy Lopez: Smyslov Variation} 14. Nh4 $146 {[%emt 0:47:09]} (14. a4 Nbd7 15. Bd3 c6 16. b3 g6 17. Bb2 Bg7 18. Qc2 Nh5 19. Rad1 Rc8 20. Bf1 Qb6 21. b4 {½-½ (76) Inarkiev,E (2732)-Vitiugov,N (2721) Novosibirsk 2016}) 14... Nbd7 {[%emt 0:53:49]} 15. Nf5 {[%emt 0:44:40]} g6 {[%emt 0:51:11]} 16. Ng3 {[%emt 0:44:05]} Bg7 {[%emt 0:48:04]} 17. Nf3 {[%emt 0:41:39]} d5 {[%emt 0:41:59]} 18. dxe5 {[%emt 0:26:54]} Nxe4 {[%emt 0:39:46]} 19. Nxe4 {[%emt 0:20:17]} dxe4 {[%emt 0:20:17]} 20. Bxe4 {[%emt 0:20:22]} Bxe4 {[%emt 0:40:31]} 21. Rxe4 {[%emt 0:20:45]} Nxe5 {[%emt 0:40:22]} 22. Qe2 {[%emt 0:19:45]} Nxf3+ {[%emt 0:27:45]} 23. Qxf3 {[%emt 0:20:05]} Rxe4 {[%emt 0:20:05]} 24. Qxe4 {[%emt 0:20:31]} Qd1+ {[%emt 0:27:52]} 25. Kh2 {[%emt 0:20:56]} Rd8 {[%emt 0:26:27]} 26. a4 {[%emt 0:11:03]} Bf8 $11 {[%emt 0:26:36]} 27. axb5 {[%emt 0:09:35]} axb5 {[%emt 0:09:35]} 28. Rb1 {[%emt 0:08:47]} Qd5 {[%emt 0:15:31]} 1/2-1/2

[Event "1.FrauenBL 2016-17"]
[Site "Berlin"]
[Date "2017.04.29"]
[Round "11.5"]
[White "Dengler, Dijana"]
[Black "Batsiashvili, Nino"]
[Result "0-1"]
[WhiteElo "2046"]
[BlackElo "2496"]
[Annotator "TA"]
[PlyCount "104"]
[EventDate "2017.??.??"]
[EventType "team-tourn"]
[EventCountry "GER"]
[SourceTitle "playchess.com"]
[Source "ChessBase"]
[SourceQuality "1"]
[WhiteTeam "FC Bayern München"]
[BlackTeam "SK Schwäbisch Hall"]

{[%evp 8,104,-8,-15,7,11,0,0,0,-48,-44,-53,0,-7,0,-57,-46,-42,20,31,15,30,35,41,54,39,83,84,106,107,185,183,182,176,161,137,158,170,185,127,112,115,137,144,150,145,180,159,176,183,181,58,19,12,77,8,9,21,27,20,22,0,0,0,0,-8,-8,-8,-8,-14,-15,-237,-237,-410,-396,-315,-313,-932,-906,-750,-558,-1096,-947,-941,-943,-906,-849,-29972,-29970,-29975,-29977,-29983,-29984,-29984,-29985,-29984,-29985,-29987,-29988]} 1. d4 Nf6 2. Bg5 d5 3. Nd2 c5 4. Bxf6 {D00: 1 d4 d5: Unusual lines} (4. dxc5 e6 5. e4 h6 6. Bh4 dxe4 7. Qe2 Qa5 8. O-O-O Qxa2 9. Qb5+ Nbd7 10. c6 bxc6 11. Qxc6 Bb7 12. Qxb7 {0-1 (28) Nepomniachtchi,I (2767)-So,W (2808) Wijk aan Zee 2017}) 4... gxf6 5. dxc5 {LiveBook: 9 Games} e5 6. e4 {The position is equal.} Be6 $146 ({Predecessor:} 6... Bxc5 7. exd5 Qxd5 8. Nb3 Qxd1+ 9. Rxd1 Be7 10. g3 Bd7 11. Bg2 Nc6 {1-0 (53) Dobrov,V (2495)-Van Foreest,L (2319) Groningen 2014}) 7. b4 Nc6 8. exd5 Qxd5 ({Don't play} 8... Bxd5 $6 9. c3 $14) 9. c3 Rg8 {White should prevent ...0-0-0.} 10. Qf3 f5 {Hoping for ...e4.} 11. Bc4 (11. Qxd5 $11 Bxd5 12. Nc4) 11... Qxf3 $15 12. gxf3 Rd8 (12... a5 $1 $15 13. Bxe6 fxe6) 13. Bxe6 $11 fxe6 14. Ne2 Rd3 15. O-O-O $36 {[%mdl 2048] White fights for an advantage.} Rg2 $1 {[%cal Rg2f2]} 16. Kc2 Rd5 17. Rdf1 $1 Bh6 18. Nc4 Ke7 (18... Kf7 $16) 19. Rhg1 $1 $18 {[%cal Rg1g2]} Rg6 20. Rxg6 hxg6 21. Rd1 Kf6 22. h4 Bf8 23. Ne3 (23. Nc1 $18) 23... Rxd1 $16 24. Kxd1 {[%mdl 4096] Endgame KBN-KNN} Be7 25. Nc4 Kg7 26. a4 Bxh4 27. b5 Nd8 28. Nxe5 Bxf2 29. Nd4 ({Only move:} 29. Nd3 $1 $18) 29... Bg3 $14 30. Nc4 Bb8 (30... e5 $11 {keeps the balance.} 31. Ne2 Bf2) 31. a5 (31. Nc2 $16) 31... e5 $11 32. Nc2 Ne6 33. c6 bxc6 34. bxc6 Kf6 35. Nb4 Nc7 36. Nb6 axb6 37. axb6 Ke6 {...Na8 is the strong threat.} 38. bxc7 Bxc7 {With the idea ...Ba5. KB-KN} 39. Na6 $2 {[#]} (39. c4 $11) 39... Kd6 $1 $19 40. Nb4 $2 {[#]} (40. c4) 40... Ba5 $1 {[%cal Ra5b4] Strongly threatening ...Bxb4.} 41. c7 Bxc7 42. Kc2 $2 (42. c4) 42... Ba5 43. Nd3 g5 {[%cal Bg6g5,Bg5g4,Bg4g3,Bg3g2][%mdl 32]} 44. Ne1 e4 45. fxe4 fxe4 46. Ng2 Ke5 47. Ne3 Kf4 {Black mates.} 48. Nc4 g4 49. Nxa5 g3 50. Nb3 g2 51. Nd4 Ke3 52. Nf5+ Kf2 {Precision: White = 46%, Black = 72%.} 0-1

[Event "1.FrauenBL 2016-17"]
[Site "Berlin"]
[Date "2017.04.29"]
[Round "11.5"]
[White "Kube, Hannelore"]
[Black "Scognamiglio, Stefanie"]
[Result "1/2-1/2"]
[WhiteElo "1930"]
[BlackElo "2086"]
[Annotator "NA"]
[PlyCount "69"]
[EventDate "2017.??.??"]
[EventType "team-tourn"]
[EventCountry "GER"]
[SourceTitle "playchess.com"]
[Source "ChessBase"]
[SourceQuality "1"]
[WhiteTeam "SV Medizin Erfurt"]
[BlackTeam "Hamburger SK"]
[TimeControl "40/6000+30:3000+30"]

1. c4 {[%emt 1:30:27]} c5 {[%emt 1:30:27]} 2. Nc3 {[%emt 1:30:51]} Nc6 {[%emt 1:30:23]} 3. g3 {[%emt 1:31:13]} g6 {[%emt 1:30:31]} 4. Bg2 {[%emt 1:31:38]} Bg7 {[%emt 1:30:58]} 5. e4 {[%emt 1:32:04]} d6 {[%emt 1:30:58]} 6. Nge2 {[%emt 1:31:36]} e6 {[%emt 1:24:30]} 7. d3 {[%emt 1:31:25]} Nge7 {[%emt 1:24:44]} 8. O-O {[%emt 1:30:50]} O-O {[%emt 1:24:18]} 9. Be3 {[%emt 1:30:10]} Nd4 {[%emt 1:23:58]} 10. Qd2 {[%emt 1:29:56]} Nec6 {[%emt 1:21:10]} 11. Bh6 {[%emt 1:22:39]} Rb8 {[%emt 1:22:39]} 12. Bxg7 {[%emt 1:22:26]} Kxg7 {[%emt 1:21:04]} 13. Nxd4 {[%emt 1:16:19]} Nxd4 {[%emt 1:20:41] LiveBook: 5 Games} 14. Ne2 {[%emt 1:20:41] A36: Symmetrical English vs ...g6: 4 Bg2 Bg7} (14. Rab1 a6 15. Ne2 Nxe2+ 16. Qxe2 b5 17. e5 Bb7 18. b3 Bxg2 19. Kxg2 Qc7 20. Rbe1 Rfd8 21. f4 d5 22. cxb5 axb5 {0-1 (47) Axelrod,A (2328)-Popilski,G (2523) Acre 2013}) 14... Nxe2+ {[%emt 1:14:53]} 15. Qxe2 {[%emt 1:15:00]} e5 {[%emt 1:14:33]} 16. h4 $146 {[%emt 1:12:02]} (16. f4 f6 17. Qe3 b5 18. b3 Qe7 19. Rf2 Bd7 20. Raf1 a5 21. h3 a4 {0-1 (68) Burgos Figueroa,C (2285)-Cruz,J (2292) Mollet del Valles 2009}) 16... Bd7 {[%emt 1:13:14]} 17. Kh2 {[%emt 1:11:27]} Qc8 {[%emt 1:13:29]} 18. Qe3 {[%emt 1:09:16]} a5 {[%emt 1:00:45]} 19. a4 {[%emt 1:00:45]} Qe8 {[%emt 0:59:44]} 20. b3 {[%emt 1:03:14]} Qc8 {[%emt 1:03:14]} 21. Ra2 {[%emt 0:59:38]} f6 {[%emt 0:55:23]} 22. f4 {[%emt 0:55:00]} Qc7 {[%emt 0:55:00]} 23. Raf2 {[%emt 0:51:02]} Qb6 {[%emt 0:49:23]} 24. Bh3 {[%emt 0:35:29]} Bxh3 {[%emt 0:23:51]} 25. Kxh3 {[%emt 0:35:57]} Rbc8 {[%emt 0:23:14]} 26. Rb1 {[%emt 0:34:03]} Rc6 {[%emt 0:22:50]} 27. f5 $16 {[%emt 0:22:50]} Qd8 {[%emt 0:28:34]} 28. g4 {[%emt 0:27:06]} Rc7 {[%emt 0:08:34]} 29. Rg1 {[%emt 0:19:49]} Rh8 {[%emt 0:05:01]} 30. g5 {[%emt 0:18:03]} Rf7 {[%emt 0:03:30]} 31. h5 {[%emt 0:08:16]} Kf8 {[%emt 0:01:48]} 32. h6 {[%emt 0:05:59]} fxg5 {[%emt 0:00:37]} 33. Rxg5 {[%emt 0:00:37]} Qd7 {[%emt 0:00:10]} 34. Kh2 {[%emt 0:02:43]} Ke8 {[%emt 0:00:20]} 35. fxg6 {[%emt 0:00:38]} 1/2-1/2

[Event "1.FrauenBL 2016-17"]
[Site "Berlin"]
[Date "2017.04.29"]
[Round "11.6"]
[White "Daulyte, Deimante"]
[Black "Dirmeier, Carolin"]
[Result "1-0"]
[WhiteElo "2443"]
[BlackElo "1950"]
[Annotator "TA"]
[PlyCount "81"]
[EventDate "2017.??.??"]
[EventType "team-tourn"]
[EventCountry "GER"]
[SourceTitle "playchess.com"]
[Source "ChessBase"]
[SourceQuality "1"]
[WhiteTeam "SK Schwäbisch Hall"]
[BlackTeam "FC Bayern München"]

{[%evp 16,81,2,4,19,19,35,27,21,0,0,-30,33,0,0,0,23,14,20,-10,33,23,18,5,31,25,54,42,68,29,75,36,191,174,204,193,206,186,315,312,296,201,202,205,192,196,225,183,250,243,243,243,236,238,233,167,275,268,442,354,944,696,2267,2090,29974,29975,29975,29976]} 1. e4 c5 2. Nc3 Nc6 3. Bb5 Nd4 4. Nf3 Nxb5 5. Nxb5 d6 6. d4 Nf6 {B23: Closed Sicilian: Lines without g3} 7. Nc3 (7. O-O Bd7 8. a4 a6 9. Nc3 cxd4 10. Qxd4 Bc6 11. Bg5 e6 12. b4 h6 13. Bxf6 Qxf6 14. Qe3 {½-½ (33) Perunovic,M (2614)-Mamedov,R (2647) Al Ain 2012}) 7... cxd4 8. Qxd4 e5 9. Qd3 {LiveBook: 10 Games} Be7 10. Bg5 O-O 11. Nd2 $146 (11. O-O Be6 12. Bxf6 Bxf6 13. Rfd1 Qb6 14. Qb5 {0-1 (32) Guerra Bastida,D (2397)-Sanchez,J (2507) San Juan 2008}) 11... Be6 12. Bxf6 Bxf6 13. Nc4 Qc7 (13... Rc8 $11 14. Ne3 (14. Nxd6 Rc6 15. Rd1 Qc7 $15) 14... Qb6) 14. Ne3 Bg5 15. O-O Bxe3 16. Qxe3 f5 17. Qd2 a6 18. Rad1 Rad8 19. exf5 Rxf5 20. Nd5 $36 {[%mdl 2048] White is more active.} Qf7 21. c4 Kh8 22. b3 Rh5 23. f4 e4 $2 {[#]} (23... Rf5 $14) 24. Ne3 $1 $18 b5 25. Qd4 bxc4 26. bxc4 ({Weaker is} 26. Qxe4 cxb3 27. f5 Bd7 $14) 26... Bf5 (26... Qe7 $142) 27. Qb6 Rf8 28. Qxd6 Rh6 29. Qc5 Rf6 30. Rd6 Qe7 31. Rd5 Qf7 (31... Qxc5 $142 32. Rxc5 Bd7) 32. Nxf5 Rxf5 33. Rxf5 Qxf5 34. Qxf5 Rxf5 {[%mdl 4096] Endgame KR-KR} 35. g3 {[%cal Bg2g3,Bg3f4][%mdl 32]} h5 (35... Kg8 {was necessary.} 36. Rc1 Kf7) 36. Rc1 h4 $2 {[#]} (36... Rc5 37. Kf2 Kg8) 37. Kf2 g5 $2 (37... Rc5 38. gxh4 Kg8) 38. Ke3 gxf4+ 39. gxf4 Ra5 40. c5 {[%cal Bc4c5,Bc5c6][%mdl 32]} Rb5 41. c6 {Precision: White = 63%, Black = 37%.} 1-0

[Event "1.FrauenBL 2016-17"]
[Site "Berlin"]
[Date "2017.04.29"]
[Round "11.6"]
[White "Tammert, Iamze"]
[Black "Schneider, Veronika"]
[Result "1-0"]
[WhiteElo "2290"]
[BlackElo "2230"]
[Annotator "NA"]
[PlyCount "63"]
[EventDate "2017.??.??"]
[EventType "team-tourn"]
[EventCountry "GER"]
[SourceTitle "playchess.com"]
[Source "ChessBase"]
[SourceQuality "1"]
[WhiteTeam "OSG Baden-Baden"]
[BlackTeam "SC Bad Königshofen"]
[TimeControl "40/6000+30:3000+30"]

{[%evp 17,61,57,73,88,32767,80,32767,32767,170,76,120,106,216,224,208,160,162,184,337,32767,32767,209,32767,32767,32767,32767,32767,32767,841,928,32767,32767,690,32767,32767,32767,629,547,687,744,32767,32767,32767,32767,32767,741]} 1. c4 {[%emt 1:30:25]} e5 {[%emt 1:30:21]} 2. Nc3 {[%emt 1:29:47]} Nc6 {[%emt 1:30:41]} 3. g3 {[%emt 1:29:48]} Bc5 {[%emt 1:30:49]} 4. Bg2 {[%emt 1:30:07]} a6 {[%emt 1:30:43] A25: English Opening vs King's Indian with ...Nc6 but without early d3} 5. e3 {[%emt 1:30:26]} (5. Nf3 d6 6. d3 Nf6 7. O-O h6 8. a3 O-O 9. b4 Ba7 10. Bb2 Re8 11. e3 Ne7 12. Nd2 Rb8 13. Nde4 Ng6 14. Rc1 c6 15. c5 Nxe4 16. Nxe4 d5 17. Nd6 Bd7 18. Nxe8 Qxe8 {0-1 (44) Grischuk,A (2754)-Carlsen,M (2857) chess.com INT 2016}) 5... d6 {[%emt 1:30:51]} 6. Nf3 {[%emt 1:29:33]} Ba7 {[%emt 1:29:41]} 7. d4 {[%emt 1:28:36]} Bg4 {[%emt 1:27:33]} 8. h3 {[%emt 1:16:08]} Bh5 $146 {[%emt 1:24:47]} (8... Bxf3 9. Bxf3 exd4 10. exd4 Nge7 11. Be3 Nf5 12. Qd3 Nfxd4 13. Bxd4 Nxd4 14. Bxb7 {½-½ (38) Fridman,D (2597)-Hansen,S (2590) Germany 2016}) 9. Qa4 {[%emt 1:07:14]} Qd7 {[%emt 1:22:01]} 10. dxe5 {[%emt 1:07:20]} dxe5 {[%emt 1:21:43]} 11. O-O {[%emt 1:21:43]} Bxf3 {[%emt 1:05:37]} 12. Bxf3 {[%emt 1:07:13]} Nge7 {[%emt 1:07:13]} 13. Nd5 {[%emt 1:00:34]} (13. b4 $18 {is more deadly.}) 13... O-O-O {[%emt 0:56:05]} 14. b4 {[%emt 0:58:30]} ({Reject} 14. Bd2 $6 Qxh3 15. Bc3 (15. Bg2 Qg4 16. Nxe7+ Nxe7 $11) 15... Nf5 $11) 14... f5 {[%emt 0:58:30] [#]} ({Wrong is} 14... Qxh3 $2 15. b5 $18) (14... Nxd5 $16 15. Bxd5 (15. cxd5 Ne7 16. Qxd7+ Rxd7 $14) 15... Kb8) 15. b5 $1 {[%emt 0:55:38]} Nb8 {[%emt 0:48:07]} 16. Ba3 {[%emt 0:52:34]} Nxd5 {[%emt 0:46:17]} 17. Bxd5 {[%emt 0:52:49]} ({But not} 17. cxd5 $6 Qxb5 18. Qxb5 axb5 $14) 17... f4 {[%emt 0:27:14]} (17... c6 {keeps fighting.}) 18. exf4 {[%emt 0:26:06]} exf4 {[%emt 0:26:29]} 19. g4 {[%emt 0:17:35]} Rhe8 {[%emt 0:22:15]} 20. Rad1 {[%emt 0:17:26]} c6 {[%emt 0:22:22]} 21. Bxc6 {[%emt 0:14:28]} Qf7 {[%emt 0:10:32]} 22. Bxe8 {[%emt 0:14:42]} Rxe8 {[%emt 0:10:36]} 23. Rfe1 {[%emt 0:13:54]} f3 {[%emt 0:07:40]} 24. b6 {[%emt 0:07:21]} Rxe1+ {[%emt 0:07:50]} 25. Rxe1 {[%emt 0:07:50]} Bxb6 {[%emt 0:08:11]} 26. Qe8+ {[%emt 0:08:11]} Qxe8 {[%emt 0:08:35]} 27. Rxe8+ {[%emt 0:08:02]} Bd8 {[%emt 0:08:37]} 28. Be7 {[%emt 0:08:18]} Nc6 {[%emt 0:08:57]} 29. Bxd8 {[%emt 0:08:44]} Nxd8 {[%emt 0:08:44]} 30. Re7 {[%emt 0:09:09]} g5 {[%emt 0:08:49]} 31. Rxh7 $18 {[%emt 0:09:28]} Ne6 {[%emt 0:09:12]} 32. Kh2 {[%emt 0:09:28]} 1-0